• 首页
  • 本馆介绍
  • 公告通知
  • 最新文献
  • 馆藏检索
  • 电子资源
  • 读者导购
  • 参考咨询
  • 我的图书馆
  • 登录
  • 详细信息显示
  • 放入我的书架
  • 预约/预借图书
  • 作者相关作品
  • 分类相关作品
  • 丛书相关作品
  • 出版社相关作品

书目信息

  • 表格格式
  • 工作单格式
  • 卡片格式
题名:
数字地球百文
    
 
作者: 陈述彭 ;刘高焕
分册:  
出版信息: 北京   科学出版社  2001
页数: 179页
开本: 20cm
丛书名:
单 册:
中图分类: P91
科图分类:
主题词: 数理地理学
电子资源:
ISBN: 7-03-007531-5/P.1134
000 00564nam0 2200193 450
001 0736196517
005 20070924100316.51
010    @a7-03-007531-5/P.1134@d¥12.00
100    @a20070924d km y0chiy0120 ea
101 0  @achi
200 1  @a数字地球百文@Ashu zi di qiu bai wen@f陈述彭@Fchen shu peng@g刘高焕等@Gliu gao huan deng
210    @a北京@c科学出版社@d2001
215    @a179页@d20cm
606 0  @a数理地理学
690    @aP91@v3
701  0 @a陈述彭@Achen shu peng
702  0 @a刘高焕@Aliu gao huan
801  0 @aCN@bPFT@c20070924
905    @a213230@dP91@eZY2@f1
    
    数字地球百文/陈述彭/刘高焕等.-北京:科学出版社,2001
    179页;20cm
    
    
    ISBN 7-03-007531-5/P.1134:¥12.00
    
●
相关链接 在E读中查询图书 在五车中查询图书 在当当中查询图书 在豆瓣中查询图书


正题名:数字地球百文     索取号:P91/ZY2         预约/预借

序号 登录号 条形码 馆藏地/架位号 状态 备注
1 7900521   279005210   密集书库-资源管理系/ [索取号:P91/ZY2] 在馆    
唐山师范学院图书馆 欢迎您!
大连网信软件有限公司© 版权所有